000 00618cam a22002293a 4500
001 13156
003 PGUSA
005 20140828083302.0
008 040810s2004||||xxu|||||s|||||000 1 eng d
040 _aPGUSA
_beng
042 _adc
050 4 _aPL
100 1 _aSevilla, Jose N.,
_d1880-1946
245 1 0 _aAlamat ng Ilang-Ilang
_h[electronic resource] /
_cJose N. Sevilla
260 _bProject Gutenberg,
_c2004
506 _aPublic domain in the USA.
516 _aElectronic text
653 _aFiction
830 0 _aProject Gutenberg
_v13156
856 4 0 _uhttp://www.gutenberg.org/ebooks/13156
942 _cEB
999 _c242411
_d242411